[Event "M.Chigorin Memorial 2017 "]
[Site "?????-?????????"]
[Date "2017.10.23"]
[Round "3"]
[Board "50"]
[White "Saveliev, Alexei"]
[Black "Derli, Olga"]
[Result "1-0"]
[WhiteElo "2387"]
[BlackElo "2162"]
[PlyCount "73"]
[EventDate "2017.10.21"]
[EventRounds "9"]
[EventCountry "RUS"]

1. d4 d5 2. Nc3 e6 3. Bf4 Bd6 4. e3 Ne7 5. Bd3 Ng6 6. Bg3 f5 7. Nh3 Nd7 8. Bxd6
cxd6 9. g4 O-O 10. gxf5 exf5 11. Nxd5 Qa5+ 12. Nc3 b5 13. Qf3 Rb8 14. Qd5+ Kh8
15. Rg1 Nf6 16. Qxd6 Bd7 17. Ng5 Rbc8 18. a3 Rc6 19. Qb4 Qc7 20. Nxb5 Qxh2 21.
Nf3 Qb8 22. Ne5 Nxe5 23. dxe5 Ng4 24. Nd4 Rb6 25. Qe7 Rg6 26. O-O-O Qc8 27. e6
Bxe6 28. f3 Rf7 29. Qh4 Rh6 30. Qg5 Rg6 31. Qf4 Nh6 32. Rxg6 hxg6 33. Nxe6 Qxe6
34. Bc4 Qe7 35. Bxf7 Nxf7 36. Rh1+ Nh6 37. Rxh6+  1-0

[Event "M.Chigorin Memorial 2017 "]
[Site "?????-?????????"]
[Date "2017.10.23"]
[Round "3"]
[Board "51"]
[White "Meribanov, Vitaly"]
[Black "Komov, Roman"]
[Result "1-0"]
[WhiteElo "2386"]
[BlackElo "2168"]
[PlyCount "61"]
[EventDate "2017.10.21"]
[EventRounds "9"]
[EventCountry "RUS"]

1. e4 c6 2. d4 d5 3. Nc3 g6 4. h3 Bg7 5. Nf3 Nf6 6. Bd3 dxe4 7. Nxe4 Nxe4 8.
Bxe4 Bf5 9. Bxf5 Qa5+ 10. c3 Qxf5 11. O-O O-O 12. Re1 Qd7 13. Ne5 Bxe5 14. Rxe5
Na6 15. Bh6 Rfe8 16. Qe2 f6 17. Re4 Nc7 18. Re1 Kf7 19. c4 Rac8 20. Bd2 Rcd8
21. Bb4 e6 22. Qf3 Kg7 23. Rf4 f5 24. Qg3 b5 25. b3 Qf7 26. Rh4 bxc4 27. bxc4
h6 28. Bd2 g5 29. Rxh6 Kxh6 30. Bxg5+ Kh5 31. Qh4+  1-0

[Event "M.Chigorin Memorial 2017 "]
[Site "?????-?????????"]
[Date "2017.10.23"]
[Round "3"]
[Board "52"]
[White "Cherednichenko, Dmitrij"]
[Black "Ovod, Evgenija"]
[Result "0-1"]
[WhiteElo "2209"]
[BlackElo "2379"]
[PlyCount "42"]
[EventDate "2017.10.21"]
[EventRounds "9"]
[EventCountry "RUS"]

1. d4 e6 2. c4 b6 3. a3 Bb7 4. Nc3 f5 5. d5 Nf6 6. g3 g6 7. Bg2 Bg7 8. Nh3 O-O
9. O-O Na6 10. Rb1 exd5 11. Bg5 c6 12. cxd5 Nc7 13. Qb3 Kh8 14. Rfd1 Qe8 15.
dxc6 Bxc6 16. Bf4 Ne6 17. Bd6 Rg8 18. Rd2 Qf7 19. Rbd1 Bxg2 20. Nf4 Bc6 21. Be5
Ng5  0-1

[Event "M.Chigorin Memorial 2017 "]
[Site "?????-?????????"]
[Date "2017.10.23"]
[Round "3"]
[Board "53"]
[White "Nandhidhaa, Pv"]
[Black "Litvinov, Maxim"]
[Result "1/2-1/2"]
[WhiteElo "2190"]
[BlackElo "2373"]
[PlyCount "83"]
[EventDate "2017.10.21"]
[EventRounds "9"]
[EventCountry "RUS"]

1. e4 d6 2. d4 Nf6 3. Nc3 e5 4. Nf3 Nbd7 5. Bc4 Be7 6. O-O O-O 7. Re1 c6 8. a4
exd4 9. Nxd4 Ne5 10. Bf1 Re8 11. h3 Bd7 12. b3 d5 13. exd5 Bb4 14. Bd2 Qa5 15.
dxc6 Bxc6 16. Nb1 Rad8 17. Bxb4 Qxb4 18. c3 Qa5 19. b4 Qc7 20. Nd2 Nd5 21. Qb3
Nf4 22. Nxc6 Qxc6 23. Rad1 Qg6 24. Re3 Rd3 25. Qc2 Rxe3 26. Qxg6 hxg6 27. fxe3
Nd5 28. Nc4 Nxc3 29. Rc1 Na2 30. Rd1 Nc3 31. Rc1 Na2 32. Rd1 Nxb4 33. Nxe5 Rxe5
34. Rd8+ Kh7 35. Rd7 Nc2 36. Rxb7 Nxe3 37. Rxa7 Nxf1 38. Kxf1 f5 39. Kf2 Rc5
40. Rb7 Rc2+ 41. Kf3 Ra2 42. Rb4  1/2-1/2

[Event "M.Chigorin Memorial 2017 "]
[Site "?????-?????????"]
[Date "2017.10.23"]
[Round "3"]
[Board "54"]
[White "Chekletsov, Ilya"]
[Black "Huseynov, Murad"]
[Result "1-0"]
[WhiteElo "2372"]
[BlackElo "2076"]
[PlyCount "101"]
[EventDate "2017.10.21"]
[EventRounds "9"]
[EventCountry "RUS"]

1. d4 e6 2. c4 b6 3. e4 Bb7 4. Bd3 d6 5. Nc3 Nd7 6. Be3 Ngf6 7. h3 Be7 8. Nf3
c5 9. d5 e5 10. Nd2 a6 11. g3 g6 12. Be2 Bf8 13. f4 exf4 14. gxf4 Bg7 15. Nf1
Qe7 16. Qc2 O-O-O 17. O-O-O Rde8 18. Bf3 h5 19. Qg2 Qd8 20. Nd2 Ng8 21. Kc2 Kb8
22. Rhe1 Ngf6 23. a3 Rhg8 24. b4 Nh7 25. bxc5 bxc5 26. Rb1 Ka7 27. e5 dxe5 28.
Rxb7+ Kxb7 29. d6+ e4 30. Bxe4+ Rxe4 31. Qxe4+ Ka7 32. Rb1 Qc8 33. Nd5 Nhf6 34.
Nxf6 Bxf6 35. Qd5 Re8 36. Ne4 Bd8 37. Bxc5+ Nxc5 38. Nxc5 Qf5+ 39. Qxf5 gxf5
40. Rb7+ Ka8 41. Rd7 Ba5 42. Nxa6 Re3 43. Nc7+ Kb8 44. Nd5 Rxh3 45. Rxf7 Rxa3
46. c5 Ra4 47. Kd3 Ra1 48. c6 h4 49. Rb7+ Ka8 50. Nc7+ Bxc7 51. dxc7  1-0

[Event "M.Chigorin Memorial 2017 "]
[Site "?????-?????????"]
[Date "2017.10.23"]
[Round "3"]
[Board "55"]
[White "Tsoi, Dmitry"]
[Black "Lagashin, Pavel"]
[Result "1-0"]
[WhiteElo "2361"]
[BlackElo "2138"]
[PlyCount "79"]
[EventDate "2017.10.21"]
[EventRounds "9"]
[EventCountry "RUS"]

1. e4 c5 2. Nf3 Nc6 3. d4 cxd4 4. Nxd4 e6 5. Nb5 d6 6. c4 Nf6 7. N1c3 a6 8. Na3
Be7 9. Be3 O-O 10. Be2 b6 11. O-O Bb7 12. Qd2 Ne5 13. f3 Rc8 14. Rfd1 Qc7 15.
Rac1 Ned7 16. Bf1 Qb8 17. Qf2 Bd8 18. Kh1 Bc7 19. Qg1 Rfe8 20. Nc2 Qa8 21. Bf2
Kh8 22. b4 g5 23. Bg3 Qb8 24. Qd4 Ne5 25. Na4 Ba8 26. c5 dxc5 27. bxc5 Rcd8 28.
Qe3 b5 29. Qxg5 Nxe4 30. fxe4 bxa4 31. Rxd8 Rxd8 32. Rb1 Qxb1 33. Bxe5+ Bxe5
34. Qxe5+ Kg8 35. Qg5+ Kf8 36. Qxd8+ Kg7 37. Qd4+ f6 38. Ne3 Bxe4 39. Qd7+ Kg6
40. Qxe6  1-0

[Event "M.Chigorin Memorial 2017 "]
[Site "?????-?????????"]
[Date "2017.10.23"]
[Round "3"]
[Board "56"]
[White "Suleymanli, Aydin"]
[Black "Tsapalin, Sergey"]
[Result "1/2-1/2"]
[WhiteElo "2353"]
[BlackElo "2016"]
[PlyCount "71"]
[EventDate "2017.10.21"]
[EventRounds "9"]
[EventCountry "RUS"]

1. d4 Nf6 2. c4 g6 3. Nc3 Bg7 4. e4 d6 5. f4 O-O 6. Nf3 c5 7. d5 e6 8. Be2 exd5
9. cxd5 Bg4 10. e5 dxe5 11. fxe5 Nfd7 12. Bg5 Qb6 13. Ne4 Qa5+ 14. Bd2 Qd8 15.
O-O Bxf3 16. Bxf3 Nxe5 17. Nxc5 Nxf3+ 18. Qxf3 Bd4+ 19. Be3 Bxe3+ 20. Qxe3 Qxd5
21. Rad1 Qc6 22. Kh1 Na6 23. Nd7 Rfe8 24. Qf4 Re2 25. Qxf7+ Kh8 26. Rf3 Rae8
27. Rdf1 R2e7 28. Qf6+ Qxf6 29. Nxf6 Rf8 30. Kg1 Re2 31. R1f2 Rxf2 32. Kxf2 Kg7
33. Ne4 Nb4 34. Rxf8 Kxf8 35. Ke3 Nxa2 36. Nd6  1/2-1/2

[Event "M.Chigorin Memorial 2017 "]
[Site "?????-?????????"]
[Date "2017.10.23"]
[Round "3"]
[Board "57"]
[White "Garanin, Aleksei"]
[Black "Fenil, Shah"]
[Result "1-0"]
[WhiteElo "2145"]
[BlackElo "2350"]
[PlyCount "51"]
[EventDate "2017.10.21"]
[EventRounds "9"]
[EventCountry "RUS"]

1. d4 d5 2. c4 e6 3. Nf3 Nf6 4. g3 Bb4+ 5. Bd2 Be7 6. Bg2 O-O 7. Qc2 Nbd7 8.
O-O c6 9. b3 b6 10. Bf4 Ba6 11. Nbd2 Rc8 12. e4 c5 13. exd5 exd5 14. Rfd1 cxd4
15. Nxd4 b5 16. Qb2 bxc4 17. bxc4 Nc5 18. Qa3 Bb7 19. Nf5 Qd7 20. Nxe7+ Qxe7
21. Nb3 Nfe4 22. Nxc5 Rxc5 23. cxd5 Nxf2 24. Re1 Ne4 25. Bxe4 f5 26. Bg2  1-0

[Event "M.Chigorin Memorial 2017 "]
[Site "?????-?????????"]
[Date "2017.10.23"]
[Round "3"]
[Board "58"]
[White "Manush, Shah"]
[Black "Ponfilenok, Vladimir"]
[Result "0-1"]
[WhiteElo "2109"]
[BlackElo "2350"]
[PlyCount "108"]
[EventDate "2017.10.21"]
[EventRounds "9"]
[EventCountry "RUS"]

1. d4 e6 2. Nf3 f5 3. g3 Nf6 4. Bg2 d5 5. O-O Bd6 6. c4 c6 7. Nc3 O-O 8. Qc2
Qe8 9. Rb1 Nbd7 10. b4 dxc4 11. b5 Nd5 12. bxc6 bxc6 13. e4 Nb4 14. Qe2 Nb6 15.
exf5 N4d5 16. Nxd5 exd5 17. Qxe8 Rxe8 18. g4 g6 19. fxg6 Bxg4 20. gxh7+ Kxh7
21. Be3 Bf5 22. Rbc1 Nd7 23. Rfe1 Nf6 24. Ne5 Bb4 25. Re2 c5 26. f4 Rac8 27. a3
cxd4 28. axb4 dxe3 29. Rxe3 Rc7 30. Ra3 Rg7 31. Rca1 Ree7 32. Nc6 Re2 33. Rg3
Be4 34. Rxg7+ Kxg7 35. Rxa7+ Kh6 36. Bxe4 Nxe4 37. Rc7 c3 38. Nd4 Rd2 39. Nf3
Rb2 40. b5 c2 41. Ne1 Rb1 42. Rxc2 Rxe1+ 43. Kg2 Rb1 44. Rc6+ Kh5 45. b6 Kg4
46. Rg6+ Kxf4 47. h4 d4 48. h5 d3 49. Rg8 d2 50. Rd8 d1=Q 51. Rxd1 Rxd1 52. h6
Rd2+ 53. Kg1 Kg3 54. Kf1 Nc3  0-1

[Event "M.Chigorin Memorial 2017 "]
[Site "?????-?????????"]
[Date "2017.10.23"]
[Round "3"]
[Board "59"]
[White "Sengupta, Deep"]
[Black "Pavlov, Mikhail"]
[Result "1-0"]
[WhiteElo "2587"]
[BlackElo "1849"]
[PlyCount "47"]
[EventDate "2017.10.21"]
[EventRounds "9"]
[EventCountry "RUS"]

1. c4 e6 2. Nf3 Nf6 3. Nc3 d5 4. e3 Be7 5. d4 c6 6. Qc2 Nbd7 7. b3 O-O 8. Bd3
Re8 9. O-O dxc4 10. bxc4 c5 11. Bb2 b6 12. d5 Nf8 13. Rad1 exd5 14. cxd5 Bd6
15. h3 Bb7 16. Bb5 Re7 17. Nh4 Rc8 18. Nf5 Re5 19. f4 Rxf5 20. Qxf5 Qe7 21. e4
g6 22. Qg5 h6 23. Qxh6 Nxe4 24. Nxe4  1-0

[Event "M.Chigorin Memorial 2017 "]
[Site "?????-?????????"]
[Date "2017.10.23"]
[Round "3"]
[Board "60"]
[White "Paramzina, Anastasya"]
[Black "Kokarev, Dmitry"]
[Result "0-1"]
[WhiteElo "2123"]
[BlackElo "2622"]
[PlyCount "70"]
[EventDate "2017.10.21"]
[EventRounds "9"]
[EventCountry "RUS"]

1. e4 c5 2. Nf3 d6 3. d4 cxd4 4. Nxd4 Nf6 5. Nc3 a6 6. h3 e5 7. Nde2 b5 8. g4
Bb7 9. Bg2 Be7 10. a3 O-O 11. Ng3 Nbd7 12. g5 Ne8 13. h4 g6 14. Nd5 Bxd5 15.
exd5 Rc8 16. Be3 h5 17. Nxh5 gxh5 18. Qxh5 Ng7 19. Qh6 Nf5 20. Qh5 Kg7 21. Be4
Rh8 22. Qg4 Nxe3 23. fxe3 Rc4 24. b3 Rc7 25. O-O-O Nc5 26. Rdf1 Nxb3+ 27. Kd1
Nc5 28. Qf5 Qe8 29. h5 Nxe4 30. h6+ Kg8 31. g6 Ng5 32. Rhg1 fxg6 33. Rxg5 Bxg5
34. Qxg5 Kh7 35. Rf6 Rf8  0-1

[Event "M.Chigorin Memorial 2017 "]
[Site "?????-?????????"]
[Date "2017.10.23"]
[Round "3"]
[Board "61"]
[White "Zakirov, Rafael"]
[Black "Predke, Alexandr"]
[Result "1/2-1/2"]
[WhiteElo "2120"]
[BlackElo "2601"]
[PlyCount "136"]
[EventDate "2017.10.21"]
[EventRounds "9"]
[EventCountry "RUS"]

1. d4 d5 2. c4 e6 3. cxd5 exd5 4. Nc3 c6 5. Qc2 Bd6 6. Nf3 Ne7 7. Bg5 Bg4 8. e3
Bh5 9. Bh4 Bg6 10. Qb3 Qb6 11. Bg3 Nf5 12. Bxd6 Nxd6 13. Ne5 Nd7 14. Nxg6 hxg6
15. Bd3 g5 16. O-O-O Qxb3 17. axb3 f5 18. b4 a6 19. Na4 Kf7 20. Nc5 Nf6 21. Be2
g4 22. Nd3 Rh6 23. f3 gxf3 24. Bxf3 g5 25. h3 Nc4 26. Rde1 Kg7 27. b3 Nd6 28.
Rhf1 Nd7 29. Bd1 Re8 30. Nc5 Nf8 31. Bc2 Rf6 32. Kd2 Re7 33. Rf2 Ng6 34. g3
Ref7 35. Ref1 Ne7 36. Nd7 Rh6 37. Ne5 Rf8 38. g4 Ng8 39. gxf5 Nf6 40. Rh2 Nfe4+
41. Bxe4 Nxe4+ 42. Ke1 Rfh8 43. Rf3 Nf6 44. Rg2 Ne4 45. Ke2 Ra8 46. Ng4 Rd6 47.
h4 gxh4 48. Ne5+ Ng3+ 49. Kd3 Rf8 50. Rf4 Rh6 51. Ng6 Rxg6 52. fxg6 Rxf4 53.
exf4 Kxg6 54. Ke3 Kf6 55. Kf3 Nf5 56. Rd2 Nh6 57. Rd3 Kg6 58. Rd2 Kf6 59. Rh2
Nf5 60. Kg4 Ne3+ 61. Kxh4 Kf5 62. Rf2 Ng4 63. Rf3 Nf6 64. Rf1 Ne4 65. Rf3 Nd2
66. Rd3 Ne4 67. Rf3 Nd2 68. Rd3 Ne4  1/2-1/2

[Event "M.Chigorin Memorial 2017 "]
[Site "?????-?????????"]
[Date "2017.10.23"]
[Round "3"]
[Board "62"]
[White "Zemnitskiy, Alexander"]
[Black "Boruchovsky, Avital"]
[Result "0-1"]
[WhiteElo "2112"]
[BlackElo "2565"]
[PlyCount "116"]
[EventDate "2017.10.21"]
[EventRounds "9"]
[EventCountry "RUS"]

1. d4 Nf6 2. Nc3 d5 3. Bg5 Nbd7 4. e3 e6 5. Nf3 Be7 6. Bd3 a6 7. O-O b5 8. a3
c5 9. Ne5 Nxe5 10. dxe5 Nd7 11. Bxe7 Qxe7 12. f4 Bb7 13. Qg4 O-O-O 14. Qg3 f6
15. b4 h5 16. h4 Rdg8 17. Bg6 Rh6 18. bxc5 f5 19. Rfd1 Nf8 20. Nxd5 Bxd5 21.
Bxf5 Qxc5 22. Bd3 Qc6 23. a4 b4 24. a5 Nd7 25. Rab1 Kc7 26. Rxb4 Qc5 27. Rbb1
Rhh8 28. Bxa6 Rb8 29. c4 Rxb1 30. Rxb1 Be4 31. Rd1 g6 32. Rd4 Qxa5 33. Rxe4
Qxa6 34. Rd4 Qa3 35. Kh2 Rd8 36. Rd6 Nf8 37. Rxd8 Kxd8 38. e4 Qc1 39. f5 gxf5
40. exf5 Qxc4 41. Qg5+ Kd7 42. f6 Kc6 43. Qxh5 Qf4+ 44. g3 Qf2+ 45. Kh1 Qf1+
46. Kh2 Qf2+ 47. Kh1 Kd5 48. Qe8 Qc5 49. Qe7 Ng6 50. Qg7 Nxe5 51. Qb7+ Qc6 52.
Qxc6+ Kxc6 53. Kg2 Kd6 54. h5 Nf7 55. g4 Ke5 56. Kg3 Kxf6 57. Kf4 Ng5 58. Ke3
Ke5  0-1

[Event "M.Chigorin Memorial 2017 "]
[Site "?????-?????????"]
[Date "2017.10.23"]
[Round "3"]
[Board "63"]
[White "Khalaji, Hanieh"]
[Black "Mirzoev, Azer"]
[Result "1/2-1/2"]
[WhiteElo "2093"]
[BlackElo "2555"]
[PlyCount "52"]
[EventDate "2017.10.21"]
[EventRounds "9"]
[EventCountry "RUS"]

1. c4 Nf6 2. Nc3 e6 3. e4 d5 4. e5 d4 5. exf6 dxc3 6. bxc3 Qxf6 7. d4 c5 8. Nf3
h6 9. Bd3 cxd4 10. cxd4 Bb4+ 11. Bd2 Bxd2+ 12. Qxd2 O-O 13. O-O Rd8 14. Rae1
Nc6 15. Re4 g6 16. Qxh6 Nxd4 17. Rxd4 Rxd4 18. Nxd4 Qxd4 19. Rd1 Bd7 20. Bc2
Qe5 21. Bxg6 fxg6 22. Qxg6+ Kf8 23. Qh6+ Kg8 24. Qg6+ Kf8 25. Qh6+ Kg8 26. Qg6+
Kf8  1/2-1/2

[Event "M.Chigorin Memorial 2017 "]
[Site "?????-?????????"]
[Date "2017.10.23"]
[Round "3"]
[Board "64"]
[White "Ivanov, Sergei V."]
[Black "Steinberg, Nitzan"]
[Result "0-1"]
[WhiteElo "2103"]
[BlackElo "2524"]
[PlyCount "72"]
[EventDate "2017.10.21"]
[EventRounds "9"]
[EventCountry "RUS"]

1. e4 c5 2. Nf3 d6 3. d4 cxd4 4. Nxd4 Nf6 5. Nc3 a6 6. g3 g6 7. h3 Bg7 8. Bg2
O-O 9. O-O Nbd7 10. Be3 Nb6 11. Nde2 Nc4 12. Bc1 Bd7 13. b3 Ne5 14. Be3 b5 15.
Rc1 Rc8 16. Nd5 Bc6 17. c4 bxc4 18. f4 Nd3 19. Rb1 Nxd5 20. exd5 Bb5 21. bxc4
Bxc4 22. Bb6 Qd7 23. Nd4 e5 24. Nc6 exf4 25. Qc2 Ne5 26. gxf4 Bxd5 27. Bxd5
Nxc6 28. Qd3 Ne7 29. Bg2 d5 30. Qxa6 d4 31. Qd3 Nf5 32. Be4 Rc3 33. Bxf5 gxf5
34. Qb5 Qe6 35. Rf2 Rg3+ 36. Kf1 Qe4  0-1

[Event "M.Chigorin Memorial 2017 "]
[Site "?????-?????????"]
[Date "2017.10.23"]
[Round "3"]
[Board "65"]
[White "Praggnanandhaa, R"]
[Black "Guliev, Gasan"]
[Result "1-0"]
[WhiteElo "2503"]
[BlackElo "2123"]
[PlyCount "147"]
[EventDate "2017.10.21"]
[EventRounds "9"]
[EventCountry "RUS"]

1. e4 e5 2. Nf3 Nc6 3. Bc4 Bc5 4. O-O Nf6 5. d3 O-O 6. Re1 d6 7. c3 a6 8. a4
Be6 9. Bxe6 fxe6 10. b4 Ba7 11. Nbd2 Qd7 12. Nf1 Ne7 13. Be3 Bxe3 14. Rxe3 Ng6
15. g3 Ng4 16. Re1 Rf6 17. h3 Raf8 18. N1d2 Nh6 19. Rf1 Kh8 20. Qe2 Qe8 21. Kg2
Ng8 22. Nh2 h6 23. h4 Kh7 24. Ra2 R6f7 25. a5 Nf6 26. Rb2 c6 27. Nc4 Rd7 28.
Kg1 Kg8 29. Kh1 Kh7 30. Ne3 Rdf7 31. c4 Nd7 32. Neg4 Nf6 33. Ne3 Nd7 34. Rd2
Qe7 35. Ng2 d5 36. Rb2 Qd6 37. Kg1 Ne7 38. Ne3 g6 39. Nhg4 h5 40. Nh2 Nf6 41.
Nf3 Kg8 42. Ng5 Rg7 43. Ng2 Ng4 44. f3 Nh6 45. c5 Qd7 46. exd5 Qxd5 47. Ne3 Qd7
48. Nc4 Nef5 49. Kh2 Nd4 50. Qe4 Ng4+ 51. Kg2 Nf6 52. Qxe5 Qd5 53. Re1 Nd7 54.
Qxd5 exd5 55. Nd6 Nf6 56. Rbb1 Nc2 57. Re2 Nd4 58. Re5 Nd7 59. Ree1 Nf6 60. Ne6
Nxe6 61. Rxe6 Kh7 62. d4 Ng8 63. Rbe1 Nh6 64. Re8 Rxe8 65. Nxe8 Rf7 66. Nd6 Rd7
67. Kf2 Nf7 68. Ne8 Kh6 69. g4 hxg4 70. fxg4 Rd8 71. g5+ Kh5 72. Kg3 Nxg5 73.
hxg5 Kxg5 74. Re7  1-0

[Event "M.Chigorin Memorial 2017 "]
[Site "?????-?????????"]
[Date "2017.10.23"]
[Round "3"]
[Board "66"]
[White "Soffer, Ram"]
[Black "Lingur, Zalina"]
[Result "1-0"]
[WhiteElo "2500"]
[BlackElo "2108"]
[PlyCount "103"]
[EventDate "2017.10.21"]
[EventRounds "9"]
[EventCountry "RUS"]

1. c4 c5 2. g3 Nc6 3. Bg2 g6 4. Nc3 Bg7 5. a3 e6 6. Rb1 a5 7. e4 Nge7 8. Nge2
O-O 9. d3 d6 10. O-O f5 11. Bg5 h6 12. Be3 fxe4 13. dxe4 Ne5 14. b3 Ra6 15. f4
Ng4 16. Bc1 e5 17. h3 Nf6 18. fxe5 dxe5 19. Qxd8 Rxd8 20. Be3 Nd7 21. Na4 b6
22. Rbd1 Rf8 23. Rd6 Rxf1+ 24. Bxf1 Bf8 25. Nec3 Kf7 26. Nb5 Nf6 27. Bg2 Nd7
28. h4 Kg7 29. Bh3 Nf6 30. Bxc8 Nxc8 31. Bxh6+ Kf7 32. Rxf6+ Kxf6 33. Bxf8 Ne7
34. Bxe7+ Kxe7 35. Nc7 Ra7 36. Nxb6 Rb7 37. Nbd5+ Kd6 38. Nb5+ Kc6 39. Kg2 Rf7
40. Kh3 Kd7 41. Kg4 Rf1 42. Nbc3 Ke6 43. Na4 Kd6 44. Kg5 Rf3 45. g4 Rxb3 46.
Kxg6 Rxa3 47. Ndc3 Ke7 48. h5 Kf8 49. h6 Kg8 50. Nb5 Rf3 51. Nd6 Rh3 52. Nxc5
 1-0

[Event "M.Chigorin Memorial 2017 "]
[Site "?????-?????????"]
[Date "2017.10.23"]
[Round "3"]
[Board "67"]
[White "Oganian, Miran"]
[Black "Babazada, Khazar"]
[Result "1-0"]
[WhiteElo "2454"]
[BlackElo "2090"]
[PlyCount "99"]
[EventDate "2017.10.21"]
[EventRounds "9"]
[EventCountry "RUS"]

1. d4 f5 2. e4 fxe4 3. Nc3 Nf6 4. Bg5 g6 5. h4 h5 6. f3 d5 7. Qd2 Bf5 8. O-O-O
Qd7 9. fxe4 Nxe4 10. Nxe4 dxe4 11. Ne2 Bg7 12. Ng3 O-O 13. Bc4+ Kh7 14. Nxf5
gxf5 15. Qe2 Kg6 16. Bf4 Nc6 17. Rh3 Qe8 18. Rg3+ Kh7 19. Rg5 Bh6 20. Rxh5 Rf6
21. Bxh6 Rxh6 22. Rxf5 Rxh4 23. Rf7+ Kh8 24. Qf2 Rh7 25. Qf5 Qg8 26. Rxh7+ Qxh7
27. Qxh7+ Kxh7 28. Bd5 e3 29. Bxc6 bxc6 30. Re1 Kg6 31. Rxe3 Kf7 32. Rc3 Rd8
33. Rxc6 Rxd4 34. Rxc7 a5 35. b3 Kf6 36. Rc5 Rg4 37. Rxa5 e5 38. Kd2 Rxg2+ 39.
Kd3 Kf5 40. a4 Kf4 41. Ra8 e4+ 42. Kc3 e3 43. Re8 Rg6 44. b4 Rc6+ 45. Kb3 Kf3
46. a5 e2 47. b5 Rc5 48. c4 Rf5 49. a6 Kf2 50. Kb4  1-0

[Event "M.Chigorin Memorial 2017 "]
[Site "?????-?????????"]
[Date "2017.10.23"]
[Round "3"]
[Board "68"]
[White "Malakhov, Igor"]
[Black "Tsaruk, Maksim"]
[Result "1-0"]
[WhiteElo "2446"]
[BlackElo "2090"]
[PlyCount "111"]
[EventDate "2017.10.21"]
[EventRounds "9"]
[EventCountry "RUS"]

1. Nf3 Nf6 2. c4 c5 3. d4 cxd4 4. Nxd4 g6 5. Nc3 Bg7 6. e4 d6 7. Be2 O-O 8. O-O
Nc6 9. Be3 Nxd4 10. Bxd4 Be6 11. Qd2 Rc8 12. b3 a5 13. Qe3 Nd7 14. Rad1 Bxd4
15. Rxd4 Qb6 16. f4 Nb8 17. f5 Nc6 18. Rfd1 Bd7 19. Nd5 Qd8 20. R4d3 (20. R1d3
Ne5 21. Qh6 f6 22. Rh3 Rf7 23. fxg6 Nxg6 24. Rg3 Qf8 25. Qxf8+ Kxf8 26. Nb6 Rd8
27. c5 Bc6 28. Bc4 Rg7 29. cxd6 exd6) 20... Ne5 21. Qh6 f6 22. Rh3 Rf7 23. fxg6
Nxg6 24. Rg3 Qf8 25. Qxf8+ Kxf8 26. Nb6 Rd8 27. c5 Bc6 28. Bc4 Rg7 29. cxd6
exd6 30. Rf1 Ke7 31. h4 h5 32. Rf5 Rh8 33. Rxa5 Rhh7 34. Bd5 Nxh4 35. Kf2 Bxd5
36. Nxd5+ Kf7 37. Rb5 Kf8 38. Nf4 Re7 39. Rh3 Re5 40. Rb4 Nxg2 41. Ng6+ Ke8 42.
Nxe5 Nf4 43. Rc3 fxe5 44. Rc8+ Kd7 45. Rxb7+ Kxc8 46. Rxh7 Kb8 47. Ke3 Kc8 48.
Kd2 Ne6 49. Rxh5 Nc5 50. Rh4 Kc7 51. Kc3 Kc6 52. a4 Nd7 53. b4 Nb6 54. a5 Na8
55. Rh7 Nc7 56. Rxc7+  1-0

[Event "M.Chigorin Memorial 2017 "]
[Site "?????-?????????"]
[Date "2017.10.23"]
[Round "3"]
[Board "69"]
[White "Vlasenko, Miroslav"]
[Black "Bhambure, Shantanu"]
[Result "1-0"]
[WhiteElo "2423"]
[BlackElo "2088"]
[PlyCount "95"]
[EventDate "2017.10.21"]
[EventRounds "9"]
[EventCountry "RUS"]

1. d4 d5 2. Nf3 e6 3. e3 c5 4. c3 Nc6 5. Nbd2 Nf6 6. Bd3 Bd6 7. O-O O-O 8. dxc5
Bxc5 9. e4 Qc7 10. Qe2 h6 11. b4 Bb6 12. Bb2 e5 13. b5 Ne7 14. c4 Ng6 15. Rfc1
Nf4 16. Qf1 d4 17. c5 Bxc5 18. Nb3 b6 19. Ba3 Nd7 20. Nxc5 Nxc5 21. Bc4 Bg4 22.
Nd2 Rfc8 23. Bxc5 bxc5 24. g3 Nh3+ 25. Kg2 Ng5 26. Qd3 Bh3+ 27. Kh1 Be6 28. a4
Rab8 29. Rc2 g6 30. Rac1 Kg7 31. Nb3 Bg4 32. Bd5 Bf3+ 33. Kg1 Qd7 34. Nd2 Qg4
35. Nxf3 Nxf3+ 36. Kg2 Ng5 37. f3 Qh3+ 38. Kg1 Rb6 39. Bc6 f5 40. exf5 gxf5 41.
Rxc5 f4 42. gxf4 Rbxc6 43. Rxc6 Nxf3+ 44. Kf2 Qxh2+ 45. Kxf3 Qh3+ 46. Ke4 Qg2+
47. Qf3 Qd2 48. Rxc8  1-0

[Event "M.Chigorin Memorial 2017 "]
[Site "?????-?????????"]
[Date "2017.10.23"]
[Round "3"]
[Board "70"]
[White "Nikitenko, Mihail"]
[Black "Lazhevskaya, Zhanni"]
[Result "1-0"]
[WhiteElo "2376"]
[BlackElo "2086"]
[PlyCount "87"]
[EventDate "2017.10.21"]
[EventRounds "9"]
[EventCountry "RUS"]

1. e4 e5 2. Nf3 Nc6 3. Bb5 Bc5 4. c3 f5 5. d4 fxe4 6. Bxc6 dxc6 7. Bg5 Be7 8.
Bxe7 Nxe7 9. Nxe5 Ng6 10. Nxg6 hxg6 11. Qe2 Bf5 12. Nd2 Qe7 13. h3 O-O-O 14.
O-O-O Rhe8 15. Rhe1 Qf7 16. b3 Qf8 17. Kb2 c5 18. g4 Bd7 19. d5 c4 20. Nxe4
cxb3 21. axb3 Re5 22. Qe3 Kb8 23. f4 Re7 24. Ra1 b6 25. Qf3 Bc8 26. c4 Bb7 27.
Re2 Rf7 28. Rf1 Qb4 29. Qc3 Qxc3+ 30. Kxc3 Rdf8 31. Ng5 Rxf4 32. Rxf4 Rxf4 33.
Re8+ Bc8 34. Rg8 a5 35. Rxg7 b5 36. Rf7 b4+ 37. Kd3 Rxf7 38. Nxf7 c6 39. d6 Be6
40. Ne5 Kc8 41. Kd4 a4 42. bxa4 c5+ 43. Kxc5 b3 44. Nd3  1-0

[Event "M.Chigorin Memorial 2017 "]
[Site "?????-?????????"]
[Date "2017.10.23"]
[Round "3"]
[Board "71"]
[White "Ekdyshman, Mikhail"]
[Black "Leidorf, Sebastian"]
[Result "1/2-1/2"]
[WhiteElo "2366"]
[BlackElo "2083"]
[PlyCount "108"]
[EventDate "2017.10.21"]
[EventRounds "9"]
[EventCountry "RUS"]

1. e4 e6 2. d4 d5 3. Nd2 Nf6 4. Bd3 c5 5. c3 Nc6 6. Ngf3 cxd4 7. cxd4 Nb4 8.
Bb1 dxe4 9. Nxe4 Nxe4 10. Bxe4 Nd5 11. O-O Be7 12. a3 O-O 13. Ne5 Bf6 14. Re1
b6 15. Qg4 Bxe5 16. dxe5 f5 17. exf6 Nxf6 18. Qh4 Nxe4 19. Qxe4 Qd5 20. Qxd5
exd5 21. Bd2 Ba6 22. Bc3 Rfe8 23. Be5 Bc4 24. f4 Bd3 25. Rad1 Be4 26. Rxe4 dxe4
27. Rd7 Rxe5 28. fxe5 Re8 29. Kf2 Rxe5 30. Rxa7 Rc5 31. b4 Rc3 32. a4 Rb3 33.
b5 h5 34. Ra6 Ra3 35. Rxb6 Rxa4 36. Ke3 Rb4 37. Rb8+ Kh7 38. b6 Kg6 39. Kd2 Rb5
40. Ke3 Rb4 41. Kf4 Kh7 42. Ke3 Kg6 43. Kd2 Rb5 44. Rb7 Kh6 45. g3 Kg6 46. Rb8
Kh7 47. b7 Kg6 48. h3 Kh7 49. Ke3 Rb4 50. Kf4 Kg6 51. Ke3 Kh7 52. Kf4 Kg6 53.
g4 hxg4 54. hxg4 Kh7  1/2-1/2

[Event "M.Chigorin Memorial 2017 "]
[Site "?????-?????????"]
[Date "2017.10.23"]
[Round "3"]
[Board "72"]
[White "Chekmareva, Liya"]
[Black "Yatzenko, Anton"]
[Result "0-1"]
[WhiteElo "2077"]
[BlackElo "2365"]
[PlyCount "82"]
[EventDate "2017.10.21"]
[EventRounds "9"]
[EventCountry "RUS"]

1. Nf3 Nf6 2. c4 d6 3. d4 Nbd7 4. Nc3 e5 5. Bg5 Be7 6. e3 c6 7. h3 O-O 8. Qc2
Re8 9. Be2 Qc7 10. O-O Nf8 11. Bh4 exd4 12. Nxd4 Ng6 13. Bg3 Ne5 14. Rad1 Bf8
15. Nb3 a5 16. Nd2 Nfd7 17. Nde4 f5 18. Ng5 Nc5 19. e4 Nf7 20. Nxf7 Qxf7 21.
exf5 Bxf5 22. Qd2 Rad8 23. Rfe1 Qg6 24. Bf3 Rxe1+ 25. Rxe1 Qf7 26. Ne4 Bxe4 27.
Bxe4 Re8 28. Qd4 d5 29. cxd5 cxd5 30. Bxh7+ Kxh7 31. Rxe8 Qxe8 32. Qxd5 Qd7 33.
Qf3 Kg8 34. h4 Qf7 35. Qg4 Qxa2 36. Be5 Qe6 37. Qg3 a4 38. h5 b5 39. Bf4 Ne4
40. Qf3 Nf6 41. Be3 Qd5  0-1